Hoạt động "thương hồ'' của người Việt ở Nam Bộ
Đã lưu trong:
| 主要作者: | |
|---|---|
| 格式: | 图书 |
| 语言: | Undetermined |
| 主题: | |
| 在线阅读: | http://lrc.tdmu.edu.vn/opac/search/detail.asp?aID=2&ID=24014 |
| 标签: |
添加标签
没有标签, 成为第一个标记此记录!
|
| Thư viện lưu trữ: | Trung tâm Học liệu Trường Đại học Thủ Dầu Một |
|---|
| LEADER | 00600nam a2200145Ia 4500 | ||
|---|---|---|---|
| 001 | TDMU_24014 | ||
| 008 | 210410s9999 xx 000 0 und d | ||
| 082 | |a 306.3 | ||
| 100 | |a Ngô, Văn Lệ | ||
| 245 | 0 | |a Hoạt động "thương hồ'' của người Việt ở Nam Bộ | |
| 245 | 0 | |c Ngô Văn Lệ | |
| 300 | |a Tr.12-27 | ||
| 650 | |a Nam bộ; Cộng đồng; Buôn bán; Kinh tế; Văn hóa |z Nam Bộ (Việt Nam) | ||
| 856 | |u http://lrc.tdmu.edu.vn/opac/search/detail.asp?aID=2&ID=24014 | ||
| 980 | |a Trung tâm Học liệu Trường Đại học Thủ Dầu Một | ||